Satellite Based Analysis of Surface Urban Heat Island Intensity

Elmentve itt :
Bibliográfiai részletek
Szerzők: Gémes Orsolya
Tobak Zalán
Van Leeuwen Boudewijn
Dokumentumtípus: Cikk
Megjelent: 2016
Sorozat:JOURNAL OF ENVIRONMENTAL GEOGRAPHY 9 No. 1-2
doi:10.1515/jengeo-2016-0004

mtmt:3108668
Online Access:http://publicatio.bibl.u-szeged.hu/12395
LEADER 00754nab a2200217 i 4500
001 publ12395
005 20200331092237.0
008 171212s2016 hu o 0|| zxx d
022 |a 2060-3274 
024 7 |a 10.1515/jengeo-2016-0004  |2 doi 
024 7 |a 3108668  |2 mtmt 
040 |a SZTE Publicatio Repozitórium  |b hun 
041 |a zxx 
100 1 |a Gémes Orsolya 
245 1 0 |a Satellite Based Analysis of Surface Urban Heat Island Intensity  |h [elektronikus dokumentum] /  |c  Gémes Orsolya 
260 |c 2016 
300 |a 23-30 
490 0 |a JOURNAL OF ENVIRONMENTAL GEOGRAPHY  |v 9 No. 1-2 
700 0 1 |a Tobak Zalán  |e aut 
700 0 2 |a Van Leeuwen Boudewijn  |e aut 
856 4 0 |u http://publicatio.bibl.u-szeged.hu/12395/1/JOeG_G%C3%A9mes_et_al_2016.pdf  |z Dokumentum-elérés